| 000 | 00863cam a2200313 i 4500 | ||
|---|---|---|---|
| 001 | 805268 | ||
| 003 | OSt | ||
| 005 | 20140310182718.0 | ||
| 008 | 750916s1973 at a 000 0 eng | ||
| 010 | _a 75324445 | ||
| 015 | _aAus*** | ||
| 020 | _a85895088X | ||
| 040 |
_aDLC _cDLC _dDLC |
||
| 043 | _au-at--- | ||
| 050 | 0 | 0 |
_aDU 93 _b.B146 1973 |
| 082 | 0 | 0 |
_aM 919.404 _bB14 1973 |
| 100 | 1 | _aBaglin, Douglass. | |
| 245 | 1 | 0 |
_aRough as guts _cBaglin, Douglass, Mullins, Barbara |
| 260 |
_aSingapore : _bEclipse Books, |
||
| 300 |
_a62 p. _bchiefly ill. (some col.) ; _c22 cm. |
||
| 521 | _aCollege Students | ||
| 526 | _c1210L-1700L | ||
| 541 | _j1 | ||
| 562 | _e1 | ||
| 651 | 0 |
_aAustralia _xPictorial works. |
|
| 700 | 1 |
_aMullins, Barbara G., _ejoint author. |
|
| 906 |
_a7 _bcbc _corignew _d3 _encip _f19 _gy-gencatlg |
||
| 942 |
_2lcc _cBK _kM |
||
| 999 |
_c15306 _d15306 |
||